| 000 | 01053cam a2200217 4500 | ||
|---|---|---|---|
| 001 | ABS65319 | ||
| 008 | 020508n2002 000 0 eng u | ||
| 035 | _a(Sirsi) u117869 | ||
| 100 | _aHarris, D. | ||
| 245 | _aSound insulation with aircrete blocks | ||
| 260 | _c2002 | ||
| 490 |
_aBuilding Engineer _v77(4) April 2002, 16-17(2) |
||
| 520 | _aSummary of recent release of Part E of Building regulations, which aims to address problem of increasing sound insulation standards in homes. Proposals dictate that new constructions will have to provide significant improvements in sound insulation between adjacent properties in attempt to improve living environments. Suggests that Celcon Aircrete blocks developed after vigorous research and testing will provide adequate level of sound insulation without compromising thermal performance. | ||
| 590 | _aABS | ||
| 650 | _aSOUND INSULATION | ||
| 650 | _aBLOCKS | ||
| 650 |
_aBUILDING REGULATIONS _96224 |
||
| 650 | _aINSULATION | ||
| 690 | _aBUILT ENVIRONMENT-BUILDING MATERIALS | ||
| 942 | _n0 | ||
| 999 |
_c70192 _d70192 |
||